De graecis illustribus linguae graecae literarumque humaniorum instauratoribus : eorum vitis, scriptis, et elogiis libri duo. ... deprompsit Humphredus Hodius, ...

Bibliographic Details
Main Author: Hody, Humphrey, 1659-1707
Format: eBook
Language:Latin
Published: Londini : Impensis Caroli Davis [a Gulielmus Bowyer], 1742.
Series:Eighteenth century collections online.
Online Access:Full text online

MARC

Tag First Indicator Second Indicator Subfields
LEADER 00000cam a2200000 4500
001 in00001908105
006 m | d |
007 cr |n||||||||n
008 810127s1742 enk|||| s 00||||lat d
005 20260406213852.9
035 |a (CStRLIN)ESTCT111968 
040 |a Uk-ES  |c Uk-ES  |d CStRLIN  |d Thomson Gale  |d UtOrBLW 
100 1 |a Hody, Humphrey,  |d 1659-1707. 
245 1 0 |a De graecis illustribus linguae graecae literarumque humaniorum instauratoribus :  |b eorum vitis, scriptis, et elogiis libri duo. ... deprompsit Humphredus Hodius, ... 
264 1 |a Londini :  |b Impensis Caroli Davis [a Gulielmus Bowyer],  |c 1742. 
300 |a 2 unnumbered pages, xxix[i.e.xxxix], 1 unnumbered page, 64, 49-326, 16 unnumbered pages, plate ;  |c 8⁰. 
336 |a text  |b txt  |2 rdacontent 
337 |a computer  |b c  |2 rdamedia 
338 |a online resource  |b cr  |2 rdacarrier 
500 |a The register is continuous despite irregular pagination. 
500 |a The last eight leaves contain the index. 
500 |a The ornaments are those used by William Bowyer. 
500 |a Page xxxix misnumbered xxix. 
500 |a Reproduction of original from the British Library. 
510 4 |a English Short Title Catalog,  |c ESTCT111968. 
533 |a Electronic reproduction.  |b Farmington Hills, Mich. :  |c Thomson Gale,  |d 2003.  |n Available via the World Wide Web.  |n Access limited by licensing agreements  |7 s2003 miunns 
500 |a Electronic resource. 
830 0 |a Eighteenth century collections online. 
856 4 0 |u http://proxy.library.tamu.edu/login?url=https://galenet.galegroup.com/servlet/ECCO?c=1&stp=Author&ste=11&af=BN&ae=T111968&tiPG=1&dd=0&dc=flc&docNum=CW112687842&vrsn=1.0&srchtp=a&d4=0.33&n=10&SU=0LRK&locID=txshracd2898  |z Full text online  |t 0 
999 |a MARS 
999 f f |s f2492e45-3d36-3c2a-92d4-b4cdbe595e72  |i 09d1ed25-dc58-32b2-bdd3-45bf93031285  |t 0 
952 f f |a Texas A&M University  |b College Station  |c Electronic Resources  |s www_evans  |d Available Online  |t 0  |h No information provided 
998 f f |t 0  |l Available Online